Political economic of new asian industrialism (Record no. 1076662)
[ view plain ]
| 000 -LEADER | |
|---|---|
| fixed length control field | 00721nam a2200253Ia 4500 |
| 003 - CONTROL NUMBER IDENTIFIER | |
| control field | OSt |
| 005 - DATE AND TIME OF LATEST TRANSACTION | |
| control field | 20221006143310.0 |
| 008 - FIXED-LENGTH DATA ELEMENTS--GENERAL INFORMATION | |
| fixed length control field | 221006b |||||||| |||| 00| 0 eng d |
| 020 ## - INTERNATIONAL STANDARD BOOK NUMBER | |
| -- | 2.95 |
| 037 ## - SOURCE OF ACQUISITION | |
| Terms of availability | Textual |
| 040 ## - CATALOGING SOURCE | |
| Original cataloging agency | EASL |
| Transcribing agency | EASL |
| Language of cataloging | eng |
| 041 ## - LANGUAGE CODE | |
| Source of code | eng |
| Language code of text/sound track or separate title | eng |
| 100 ## - MAIN ENTRY--PERSONAL NAME | |
| Personal name | DEYO Frederic Ed. |
| 9 (RLIN) | 649600 |
| 245 #0 - TITLE STATEMENT | |
| Title | Political economic of new asian industrialism |
| 260 ## - PUBLICATION, DISTRIBUTION, ETC. | |
| Place of publication, distribution, etc. | Ithaca |
| Name of publisher, distributor, etc. | Cornell University Press |
| Date of publication, distribution, etc. | 1987 |
| 300 ## - PHYSICAL DESCRIPTION | |
| Extent | 252p. |
| Dimensions | cm. |
| 490 ## - SERIES STATEMENT | |
| Volume/sequential designation | Oth |
| Series statement | Cornell Studies in political economy |
| 942 ## - ADDED ENTRY ELEMENTS (KOHA) | |
| Classification part | X8(A).49B.N8, M7 |
| Koha item type | Textual |
| Source of classification or shelving scheme | Colon Classification (CC) |
| Withdrawn status | Lost status | Source of classification or shelving scheme | Materials specified (bound volume or other part) | Damaged status | Not for loan | Home library | Current library | Date acquired | Serial Enumeration / chronology | Total Checkouts | Full call number | Barcode | Date last seen | Price effective from | Koha item type |
|---|---|---|---|---|---|---|---|---|---|---|---|---|---|---|---|
| Colon Classification (CC) | 2.95 | Department of East Asian Studies Library | Department of East Asian Studies Library | 2022-10-06 | Oth | X8(A).49B.N8 M7 | EA1008853 | 2022-10-06 | 2022-10-06 | Textual |
